Top 12 Astros Players in 2021 - Statistics

General Stats
  • This quiz has been taken 51 times
  • The average score is 9 of 12
Answer Stats
rWar Position Answer % Correct
7.2 SS Carlos Correa
98%
4.4 2B Jose Altuve
95%
2.1 3B Alex Bregman
88%
3.7 1B Yuli Gurriel
88%
3.0 DH Yordan Álvarez
86%
5.7 OF Kyle Tucker
81%
2.5 LF Michael Brantley
71%
2.4 P Framber Valdez
67%
2.6 P Luis Garcia
60%
3.5 P Lance McCullers Jr.
43%
2.3 OF Chas McCormick
38%
2.1 P José Urquidy
38%
No matching quizzes found
Score Distribution
Percent of People with Each Score
Percentile by Number Answered
Your Score History
You have not taken this quiz